|
|
|
|
| LEADER |
03352nam a22005535i 4500 |
| 001 |
978-3-642-19864-9 |
| 003 |
DE-He213 |
| 005 |
20170228021817.0 |
| 007 |
cr nn 008mamaa |
| 008 |
130125s2012 gw | s |||| 0|eng d |
| 020 |
|
|
|a 9783642198649
|9 978-3-642-19864-9
|
| 024 |
7 |
|
|a 10.1007/978-3-642-19864-9
|2 doi
|
| 040 |
|
|
|d GrThAP
|
| 050 |
|
4 |
|a QD450-882
|
| 072 |
|
7 |
|a PNR
|2 bicssc
|
| 072 |
|
7 |
|a SCI013050
|2 bisacsh
|
| 082 |
0 |
4 |
|a 541
|2 23
|
| 100 |
1 |
|
|a Keszei, Ernö.
|e author.
|
| 245 |
1 |
0 |
|a Chemical Thermodynamics
|h [electronic resource] :
|b An Introduction /
|c by Ernö Keszei.
|
| 264 |
|
1 |
|a Berlin, Heidelberg :
|b Springer Berlin Heidelberg :
|b Imprint: Springer,
|c 2012.
|
| 300 |
|
|
|a XI, 354 p. 77 illus., 6 illus. in color.
|b online resource.
|
| 336 |
|
|
|a text
|b txt
|2 rdacontent
|
| 337 |
|
|
|a computer
|b c
|2 rdamedia
|
| 338 |
|
|
|a online resource
|b cr
|2 rdacarrier
|
| 347 |
|
|
|a text file
|b PDF
|2 rda
|
| 505 |
0 |
|
|a 1: Postulates of thermodynamics -- 2: Thermodynamic equilibrium in isolated and isentropic systems -- 3: Thermodynamic equilibrium in systems with other constraints -- 4: Thermodynamic processes and engines -- 5: Thermodynamics of mixtures (multi-component systems) -- 6: Phase equilibria -- 7: Equilibria of chemical reactions -- 8: Extension of thermodynamics for additional interactions (non-simple systems) -- 9: Elements of equilibrium statistical thermodynamics -- 10: Transport processes.
|
| 520 |
|
|
|a This course-derived undergraduate textbook provides a concise explanation of the key concepts and calculations of chemical thermodynamics. Instead of the usual ‘classical’ introduction, this text adopts a straightforward postulatory approach that introduces thermodynamic potentials such as entropy and energy more directly and transparently. Structured around several features to assist students’ understanding, Chemical Thermodynamics : - Develops applications and methods for the ready treatment of equilibria on a sound quantitative basis. - Requires minimal background in calculus to understand the text and presents formal derivations to the student in a detailed but understandable way. - Offers end-of-chapter problems (and answers) for self-testing and review and reinforcement, of use for self- or group study. This book is suitable as essential reading for courses in a bachelor and master chemistry program and is also valuable as a reference or textbook for students of physics, biochemistry and materials science.
|
| 650 |
|
0 |
|a Chemistry.
|
| 650 |
|
0 |
|a Physical chemistry.
|
| 650 |
|
0 |
|a Chemical engineering.
|
| 650 |
|
0 |
|a Biochemistry.
|
| 650 |
|
0 |
|a Thermodynamics.
|
| 650 |
|
0 |
|a Heat engineering.
|
| 650 |
|
0 |
|a Heat transfer.
|
| 650 |
|
0 |
|a Mass transfer.
|
| 650 |
|
0 |
|a Materials science.
|
| 650 |
1 |
4 |
|a Chemistry.
|
| 650 |
2 |
4 |
|a Physical Chemistry.
|
| 650 |
2 |
4 |
|a Thermodynamics.
|
| 650 |
2 |
4 |
|a Engineering Thermodynamics, Heat and Mass Transfer.
|
| 650 |
2 |
4 |
|a Industrial Chemistry/Chemical Engineering.
|
| 650 |
2 |
4 |
|a Materials Science, general.
|
| 650 |
2 |
4 |
|a Biochemistry, general.
|
| 710 |
2 |
|
|a SpringerLink (Online service)
|
| 773 |
0 |
|
|t Springer eBooks
|
| 776 |
0 |
8 |
|i Printed edition:
|z 9783642198632
|
| 856 |
4 |
0 |
|u http://dx.doi.org/10.1007/978-3-642-19864-9
|z Full Text via HEAL-Link
|
| 912 |
|
|
|a ZDB-2-CMS
|
| 950 |
|
|
|a Chemistry and Materials Science (Springer-11644)
|